000 00277nam a2200121 a 4500
005 20141022142000.0
008 090305s19uu xx 00 eng d
050 _aVHS
_bR66 1995
245 _aRomeo and Juliet.
650 _aVHS.
650 _aRomeo and Juliet
942 _cAVM
999 _c276214
_d276214